| 000 | 01563nac a22003251i 4500 | ||
|---|---|---|---|
| 003 | EG-ScBUE | ||
| 005 | 20250529084139.0 | ||
| 008 | 250313s1962 nyuad f b 001 0 eng d | ||
| 040 |
_aEG-ScBUE _beng _erda _cEG-ScBUE _dEG-ScBUE |
||
| 082 | 0 | 4 |
_a510.76 _bBAL _222 |
| 100 | 1 |
_aBall, W. W. Rouse, _eauthor. |
|
| 245 | 1 | 0 |
_aMathematical recreations & essays / _cby W. W. Rouse Ball, late fellow of Trinity College, Cambridge ; revised by H. S. M. Coxeter, past fellow of Trinity College, Cambridge. |
| 250 | _aEleventh edition. | ||
| 264 | 1 |
_aNew York : _bThe Macmillan company, _c1962. |
|
| 300 |
_axvi, 418 pages : _billustrations, diagrams ; _c21 cm |
||
| 336 |
_2rdacontent _atext _btxt |
||
| 337 |
_aunmediated _2rdamedia _bn |
||
| 338 |
_avolume _bnc _2rdacarrier |
||
| 500 | _a"Copyright. First edition, 1892 ... Eleventh edition, 1939." | ||
| 504 | _aIncludes bibliographical references and index. | ||
| 505 | 0 | _aArithmetical recreations.--Geometrical recreations.--Polyhedra.--Chess board recreations.--Magic squares.--Map-coloring Problems.--Unicursal problems.--Kirkman's school-girls problems.--Miscellaneous problems.--Three classical geometrical problems.--Calculating prodigies.--Cryptography and cryptanalysis. | |
| 650 | 7 |
_aMathematical recreations. _2BUEsh |
|
| 650 | 7 |
_aGeometry _xFamous problems. _2BUEsh |
|
| 650 | 7 |
_aCryptography. _2BUEsh |
|
| 650 | 7 |
_aCiphers. _2BUEsh |
|
| 655 | _vReading book | ||
| 700 | 1 |
_aCoxeter, H. S. M. _q(Harold Scott Macdonald), _d1907- _eeditor. |
|
| 942 |
_cBB _2ddc |
||
| 999 |
_c1861 _d1861 |
||